Formularios municipales para la aplicación práctica del estatuto municipal y de sus reglamentos : (Record no. 110764)

MARC details
000 -LEADER
campo de control de longitud fija 01025nam a2200241 i 4500
001 - NÚMERO DE CONTROL
campo de control 110764
003 - IDENTIFICADOR DE NÚMERO DE CONTROL
campo de control ES-MaACL
005 - FECHA Y HORA DE LA ÚLTIMA TRANSACCIÓN
campo de control 20251015185106.0
007 - CAMPO FIJO DE DESCRIPCIÓN FÍSICA--INFORMACIÓN GENERAL
campo de control de longitud fija t|
008 - DATOS DE LONGITUD FIJA--INFORMACIÓN GENERAL
campo de control de longitud fija 070125m1926 sp ||||1| spa d
080 ## - NÚMERO DE LA CLASIFICACIÓN DECIMAL UNIVERSAL
Número de la Clasificación Decimal Universal 352(460)(083.2)
245 00 - MENCIÓN DEL TÍTULO
Título Formularios municipales para la aplicación práctica del estatuto municipal y de sus reglamentos :
Resto del título obra redactada de acuerdo con las novísimas disposiciones legales /
Mención de responsabilidad, etc. por Francisco Contreras, E. Martín de la Cámara, Eusebio Alonso.
260 ## - PUBLICACIÓN, DISTRIBUCIÓN, ETC.
Lugar de publicación, distribución, etc. Madrid :
Nombre del editor, distribuidor, etc. Hijos de Reus,
Fecha de publicación, distribución, etc. 1926.
300 ## - DESCRIPCIÓN FÍSICA
Extensión 2 v. ;
Dimensiones 23 cm.
490 1# - MENCIÓN DE SERIE
Mención de serie Biblioteca jurídica de autores españoles y extranjeros ;
Designación de volumen o secuencia 94-95
650 #4 - PUNTO DE ACCESO ADICIONAL DE MATERIA--TÉRMINO DE MATERIA
Término de materia o nombre geográfico como elemento de entrada Administración municipal-
Subdivisión geográfica España.
9 (RLIN) 9642
700 1# - ENTRADA AGREGADA--NOMBRE PERSONAL
Nombre de persona Contreras Martín, Francisco.
9 (RLIN) 40324
700 1# - ENTRADA AGREGADA--NOMBRE PERSONAL
Nombre de persona Martín de la Cámara, Eduardo,
Fechas asociadas al nombre 1873-1926
9 (RLIN) 156686
700 1# - ENTRADA AGREGADA--NOMBRE PERSONAL
Nombre de persona Alonso, Eusebio.
9 (RLIN) 20202
830 1# - PUNTO DE ACCESO ADICIONAL DE SERIE-TÍTULO UNIFORME
Título uniforme Biblioteca jurídica de autores españoles y extranjeros ;
Designación de volumen o secuencia 94-95
9 (RLIN) 182228
852 4# - LOCALIZACIÓN
Ubicación ES-MaACL
Número de control de estantería E-3088-89
Holdings
Estatus retirado Estado de pérdida Estado de daño No para préstamo Biblioteca de origen Biblioteca actual Ubicación en estantería Fecha de adquisición Fuente de adquisición Total de préstamos Signatura topográfica completa Código de barras Visto por última vez Precio de reemplazo Tipo de ítem Koha
        Biblioteca del Ateneo de Madrid Biblioteca del Ateneo de Madrid Depósito 2 17/01/2008     E-3088-89 1115570 23/02/2023 23/02/2023 Libro impreso